| 000 | 00591nam a2200193Ia 4500 | ||
|---|---|---|---|
| 005 | 20250508151230.0 | ||
| 008 | 008 250505s9999 xx 000 0 eng d | ||
| 037 | _aBooks to be hide in OPAC | ||
| 040 |
_aFEDL _beng _cFEDL |
||
| 041 |
_aeng _2eng |
||
| 084 |
_a373.54, IND _qFEDL |
||
| 245 | 0 | _aReport of the committee on secondary education in India | |
| 245 | 0 | _cIndia. Education, (Ministry of ...) | |
| 260 |
_aDelhi, India _bThe Manager of Publications _c1948 |
||
| 300 | _a11p | ||
| 546 | _aPamphlet No. 52 | ||
| 942 |
_cHB _h373.54, IND |
||
| 999 |
_c1328414 _d1328414 |
||